Bundesliga: Alle Meister, deren Trainer, Kapitäne und Top-Torjäger - Statistiken

Allgemein
  • Dieses Quiz wurde 354 mal gespielt
  • Das Durchschnittsergebnis liegt bei 51 aus 112
Antwortstatistiken
Jahre Trainer % Korrekt
1969, 1972, 1973, 1974, 1980, 1981, 1985, 1986, 1987, 1989, 1990, 1994, 1997, 1999, 2000, 2001, 2003, 2005, 2006, 2008, 2010, 2013, 2014, 2015, 2016, 2017, 2018, 2019, 2020, 2021, 2022, 2023, 2025, 2026 FC Bayern München
97%
1995, 1996, 2002, 2011, 2012 Borussia Dortmund
96%
2024 Bayer 04 Leverkusen
95%
Torjäger 2012, 2015, 2016, 2017,2018, 2019, 2020, 2021, 2022 Robert Lewandowski
94%
Torjäger 2015 Robert Lewandowski | Arjen Robben
94%
1965, 1988, 1993, 2004 Werder Bremen
93%
2009 VfL Wolfsburg
92%
Trainer 2024 Xabi Alonso
91%
Torjäger 2025, 2026 Harry Kane
90%
Trainer 1989, 1990, 2013, 2018 Torjäger 1975, 1977 Jupp Heynckes
89%
Kapitän 2018, 2019, 2020, 2021, 2022, 2023, 2025, 2026 Manuel Neuer
89%
1984, 1992, 2007 VfB Stuttgart
89%
Trainer 2025, 2026 Vincent Kompany
89%
Trainer 2011, 2012 Jürgen Klopp
88%
Torjäger 1969, 1972, 1973, 1974 Gerd Müller
86%
Torjäger 1978 Dieter Müller
85%
Trainer 2020, 2021 Hansi Flick
84%
Trainer 2022 Julian Nagelsmann
84%
Trainer 2014, 2015, 2016 Pep Guardiola
84%
Trainer 2023 Thomas Tuchel
84%
Kapitän 2013, 2014, 2015, 2016, 2017 Philipp Lahm
83%
1991, 1998 1.FC Kaiserslautern
82%
1964, 1978 1.FC Köln
81%
1979, 1982, 1983 Hamburger SV
80%
Trainer 2019 Niko Kovac
80%
1970, 1971, 1975, 1976, 1977 Borussia Mönchengladbach
78%
Trainer 2017 Carlo Ancelotti
77%
Torjäger 2007 Mario Gómez
75%
Torjäger 2024 Victor Boniface
75%
Trainer 2005, 2006, 2009 Felix Magath
74%
1968 1.FC Nürnberg
71%
Trainer 2010 Louis van Gaal
70%
Trainer 1994 Kapitän 1972, 1973, 1974 Franz Beckenbauer
67%
Trainer 1995, 1996, 1999, 2000 2001, 2003, 2008 Ottmar Hitzfeld
67%
Torjäger 2009 Grafite
65%
Trainer 2004 Thomas Schaaf
65%
Kapitän 2024 Lukas Hradecky
63%
Torjäger 2013, 2014 Mario Mandzukic
62%
Kapitän 2003, 2005, 2006, 2008 Oliver Kahn
62%
1967 Eintracht Braunschweig
61%
Kapitän 2011, 2012 Sebastian Kehl
61%
Torjäger 2023 Serge Gnabry
61%
1966 TSV 1860 München
61%
Torjäger 2004 Ailton
59%
Torjäger 2010, 2015 Arjen Robben
58%
Torjäger 2008 Luca Toni
58%
Trainer 1988, 1993, 1998 Otto Rehhagel
58%
Torjäger 1999 Carsten Jancker | Giovane Élber
57%
Trainer 2002 Matthias Sammer
57%
Trainer 2007 Armin Veh
56%
Torjäger 1999, 2000, 2001, 2003 Giovane Élber
56%
Kapitän 1994, 1997Torjäger 1985, 1987 Lothar Matthäus
56%
Torjäger 2011 Lucas Barrios
53%
Torjäger 1980, 1981 Karl-Heinz Rummenigge
52%
Trainer 1972, 1973, 1974, 1976, 1977, 1985, 1986, 1987 Udo Lattek
49%
Torjäger 1997 Jürgen Klinsmann
48%
Kapitän 2000, 2001 Stefan Effenberg
44%
Kapitän 2010 Mark van Bommel
43%
Torjäger 2005, 2006 Roy Makaay
43%
Torjäger 1986 Dieter Hoeneß
42%
Trainer 1997 Giovanni Trappatoni
40%
Kapitän 1970, 1971 Günter Netzer
39%
Torjäger 2002 Márcio Amoroso
37%
Trainer 1992 Christoph Daum
32%
Trainer 1970, 1971, 1975, 1978 Hennes Weisweiler
31%
Kapitän 2004 Frank Baumann
30%
Kapitän 1995, 1996Torjäger 1995, 1996 Michael Zorc
29%
Kapitän 1982, 1983Torjäger 1982, 1983 Horst Hrubesch
26%
Torjäger 1979 Kevin Keegan
26%
Kapitän 1998 Andreas Brehme
25%
Trainer 1982, 1983 Ernst Happel
25%
Kapitän 1980, 1981 Paul Breitner
25%
Torjäger 1992 Fritz Walter
24%
Kapitän 1975, 1976, 1977 Berti Vogts
23%
Torjäger 1994 Adolfo Valencia | Mehmet Scholl
22%
Kapitän 2007 Fernando Meira
22%
Kapitän 1964 Hans Schäfer
22%
Kapitän 2009 Josué
21%
Torjäger 1998 Olaf Marschall
21%
Torjäger 1988 Karl-Heinz Riedle
20%
Kapitän 1985, 1986, 1987, 1989,1990 Klaus Augenthaler
19%
Trainer 1966, 1968 Max Merkel
19%
Kapitän 1999 Thomas Helmer
18%
Trainer 1969, 1979 Branko Zebec
17%
Trainer 1980, 1981 Pál Csernai
17%
Kapitän 1991Torjäger 1991 Stefan Kuntz
17%
Kapitän 2002 Stefan Reuter
16%
Torjäger 1989, 1990 Roland Wohlfarth
14%
Trainer 1991 Karl-Heinz Feldkamp
13%
Torjäger 1976 Allan Simonsen
12%
Kapitän 1992 Guido Buchwald
12%
Torjäger 1993 Wynton Rufer
10%
Kapitän 1988, 1993 Mirko Votava
8%
Kapitän 1978 Heinz Flohe
7%
Trainer 1984 Helmut Benthaus
6%
Torjäger 1966 Friedhelm Konietzka
5%
Torjäger 1970, 1971 Herbert Laumen
5%
Kapitän 1984 Karlheinz Förster
5%
Kapitän 1965 Arnold Schütz
4%
Trainer 1964 Georg Knöpfle
4%
Trainer 1967 Helmuth Johannsen
4%
Kapitän 1969 Werner Olk
4%
Trainer 1965 Willi Multhaup
4%
Torjäger 1964 Karl-Heinz Thielen
3%
Kapitän 1979 Peter Nogly
3%
Kapitän 1967 Joachim Bäse
2%
Torjäger 1967 Lothar Ulsaß
2%
Torjäger 1968 Franz Brungs
1%
Kapitän 1968 Heinz Strehl
1%
Kapitän 1966 Peter Grosser
1%
Torjäger 1984 Peter Reichert
1%
Torjäger 1965 Klaus Matischak
0%
Keine übereinstimmenden Quizze gefunden
Verteilung der Resultate
Anzahl Personen mit jedem Resultat
Perzentil nach korrekt beantworteten Fragen
Ihre Resultats-Entwicklung
Sie haben dieses Quiz noch nicht gespielt